00899 a2200169 45000010006000000050017000060080041000230030015000640400040000790800083001192450022002022500011002242640047002353000019002825050401003011000027007023092020260407155617.0260407a1946 arg spa dAR-UNSa-BCEJYS aAR-UNSa-BCEJYSbspacAR-UNSa-BCEJYS a657.1xTeneduría de libros. Sistemas. Procedimientos (Operaciones bancarias)10aRiesgos bancarios a2a. ed 1aBuenos Aires :bSelección Contablec1946 a253 p.c22 cm. a1. Generalidades - 2. Riesgos de la evolución bancaria - 3. El riesgo del crédito - 4. Los riesgos del crédito y los ratios de operaciones - 5. Los riesgos del crédito en las situaciones comerciales - 6. Los riesgos del crédito y los ratio financieros - 7. El riesgo en el crédito consuntivo - 8. Riesgos y política bancaria en las liquidaciones - 9. La explotación y sus riesgos 1 aCañellas, Marcelo G.